| 000 | 01289nab a22002417a 4500 | ||
|---|---|---|---|
| 999 |
_c5489 _d5489 |
||
| 003 | OSt | ||
| 005 | 20251209095117.0 | ||
| 008 | 190502c xxu||||| |||| 00| 0 spa d | ||
| 040 | _cPJ | ||
| 100 |
_aYáñez Mosteirin, Agustina _96483 |
||
| 245 | 1 | 3 |
_aEl delito de encubrimiento / _cAgustina Yáñez Mosteirin. |
| 260 |
_aCiudad Autónoma de Buenos Aires : _bThomson Reuters La Ley, _c2025. |
||
| 300 | _ap. 3-11 | ||
| 500 | _aCita Online: AR/DOC/835/2025. | ||
| 505 | _aSumario: I. Bien jurídico protegido.— II. Encubrimiento o participación: dos figuras que se excluyen entre sí.— III. Sujeto activo.— IV. Delito precedente.— V. Tipo subjetivo.— VI. Encubrimiento por favorecimiento personal.— VII. Encubrimiento por favorecimiento real.— VIII. Encubrimiento por receptación.— IX. Agravantes.— X. Eximente de responsabilidad: excusa absolutoria.— XI. Competencia | ||
| 505 | _t¿Te interesa el texto completo? Solicitalo al correo: koha@justierradelfuego.gov.ar | ||
| 650 | 0 |
_9343 _aDERECHO PENAL |
|
| 650 | 0 |
_93136 _aDELITOS |
|
| 650 | 0 |
_95942 _aENCUBRIMIENTO |
|
| 650 | 0 |
_92818 _aAGRAVANTES DE LA PENA |
|
| 773 | 0 |
_02729 _93180 _dBuenos Aires : LexisNexis, 2006- _tRevista de derecho penal y procesal penal. Nº 6 - Junio 2025 _z9875920622 |
|
| 942 |
_2udc _cANA |
||